000
00272nam a2200109Ia 4500
008
200302s9999 xx 000 0 und d
100
_a
Marta Serrats
245
_a
Cloud 9 Rooftop Architecture
260
_b
Page one Publishing Pvt. Ltd.
260
_c
2010
300
_a
191 P.,
999
_c
3032
_d
3032